000 00873cam a2200265 a 4500
001 4923130
005 20180110072437.0
008 950227s1995 gauaf b 001 0 eng c
010 _a 95000132
020 _a0944235107
040 _aDNLM/DLC
_cDLC
_dDLC
041 _aeng
060 1 0 _aQZ 200 A5127 1995
080 _a616.994
082 0 0 _a616.994 MUR
_220
100 _a7
101 _aONK
245 0 0 _aAmerican Cancer Society textbook of clinical oncology /
_c[edited by] Gerald P. Murphy, Walter Lawrence, Jr., Raymond E. Lenhard, Jr.
246 3 0 _aTextbook of clinical oncology
246 3 0 _aClinical oncology
504 _aIncludes bibliographical references and index.
906 _a7
_bcbc
_corignew
_d1
_eocip
_f19
_gy-gencatlg
942 _2ddc
_cBK
999 _c39989
_d39989